00273nam a2200109Ia 4500008004100000100002300041245001600064260000900080300003300089440002400122650001700146180117s9999 xx 000 0 und d aby Beth day romulo aAnother Day c2017 a24-25 pages, 2017 January 29 aPhilippine Panorama aOBAMA LEGACY